000 00516nam a22001937a 4500
003 KOHA_MİRAKIL
005 20251105153649.0
008 251105b tu ||||| |||| 00| 0 tur d
020 _a9786256385573
040 _aTR-AnABB
_btur
_cTR-AnABB
041 _atur
082 _a956.52113
_bKOS 2023
100 1 _aKöse, Ensar,
245 1 0 _aAğalar /
_cEnsar Köse
260 _aİstanbul :
_bVakıfbank Kültür Yayınları,
_c2023
300 _a322 sayfa ;
_c20 cm
650 0 4 _aTarih
942 _2ddc
_cBK
999 _c9284
_d9284
900 _bGizem YORULMAZ